Machine drawing and design : a textbook of intermediate standard for engineering students /

Gardado en:
Detalles Bibliográficos
Autor Principal: Abbott, W. (William)
Formato: Libro
Idioma:English
Publicado: London : Blackie & son, 1954.
Edición:6th ed.
Subjects:
LEADER 00908nam a22002411a 4500
001 c000214791
003 CARM
005 19851029000000.0
008 851029s1954 enk 0 eng d
019 1 |a 4018770  |z 12406304  |5 LACONCORD2021 
035 |a (OCoLC)3751667  |5 LACONCORD2021 
040 |a NUN  |b eng  |c NUN  |d VU 
082 0 4 |a 620.04 
100 1 |a Abbott, W.  |q (William) 
245 1 0 |a Machine drawing and design :  |b a textbook of intermediate standard for engineering students /  |c by W. Abbott. 
250 |a 6th ed. 
260 |a London :  |b Blackie & son,  |c 1954. 
300 |a 253 p. :  |b ill., tables ;  |c 23 cm. 
500 |a Includes index. 
650 0 |a Mechanical drawing. 
852 8 |b CARM  |h A2:AM23G0  |i C07957  |p 0253426  |f BK 
999 f f |i 541fdae1-f848-5dc4-a008-6b3ee76d2b73  |s 05b4611a-219f-5bbb-a4e4-64ac3251065a 
952 f f |p Can circulate  |a CAVAL  |b CAVAL  |c CAVAL  |d CARM 1 Store  |e C07957  |f A2:AM23G0  |h Other scheme  |i book  |m 0253426